LIBRARY & INFORMATION CENTRE, KCAET, TAVANUR

ONLINE PUBLIC ACCESS CATALOGUE (OPAC)

Physics (Record no. 1348)

MARC details
000 -LEADER
fixed length control field 00403cam a2200193ua 4500
041 ## - LANGUAGE CODE
Language code of text/sound track or separate title eng
082 ## - DEWEY DECIMAL CLASSIFICATION NUMBER
Classification number 530
Item number STA/PH
100 ## - MAIN ENTRY--AUTHOR NAME
Personal name Starlig, S G .
245 ## - TITLE STATEMENT
Title Physics
250 ## - EDITION STATEMENT
Edition statement 2 /
260 ## - PUBLICATION, DISTRIBUTION, ETC. (IMPRINT)
Place of publication London :
Name of publisher Longman ,
Year of publication 1957.
300 ## - PHYSICAL DESCRIPTION
Number of Pages 1328 ; .
700 1# - ADDED ENTRY--PERSONAL NAME
Personal name Woodall, A J .
942 ## - ADDED ENTRY ELEMENTS (KOHA)
Koha item type Books
Holdings
Withdrawn status Lost status Damaged status Home library Current library Date acquired Full call number Accession Number Koha item type Cost, normal purchase price
Withdrawn     KAUAET KAUAET 07/04/2012 530 STA/PH 7990 Books  
Withdrawn     KAUAET KAUAET 24/06/2020 530 STA/PH 7376 Books 4.50
free website counter